000 00343nam a2200133Ia 4500
005 20260328104248.0
008 260328s9999||||xx |||||||||||||| ||und||
100 _aWang, Thomas C
245 0 _aSketching with markers /
_cThomas C Wang
260 _bVan Nostrand Reinhold
300 _a104 p.
650 _aDIBUJO ARQUITECTÓNICO
942 _cBK
999 _c10144
_d10144